| 000 | 02208nam0a2200349 4500 | ||
|---|---|---|---|
| 001 | RU\NLR\bibl\1879929 | ||
| 005 | 20260406115841.0 | ||
| 010 |
_a978-5-8428-0876-2 _9300 |
||
| 021 |
_aRU _b2012-14114 _91060 |
||
| 035 | _a(NLR Aleph) 001869704 | ||
| 090 |
_a2644190 _c2644190 |
||
| 100 | _a20120315d2011 |||y0rusy50 ca | ||
| 101 | 0 | _arus | |
| 102 | _aRU | ||
| 105 | _aa ||||||||| | ||
| 200 | 1 |
_aПушкиниана на оперной сцене _eистория и современность _eучебное пособие для студентов высших учебных заведений, обучающихся по специальности 050601.65 (030700) - Музыкальное образование _fЭ.К. Сэт _gМ-во образования и науки РФ, Федер. гос. бюджет. образоват. учреждение высш. проф. образования "Поволж. гос. социально-гуманит. акад." |
|
| 205 | _aИзд. 2-е, доп. | ||
| 210 |
_aСамара _cИзд-во Поволжской государственной социально-гуманитарной академии _d2011 |
||
| 215 |
_a175 с., [9] л. ил., цв. ил. портр. _d20 |
||
| 320 | _aБиблиогр.: с. 171-175 и в конце глав | ||
| 604 |
_1200#1$aПушкин$gАлександр Сергеевич$bА.С.$f1799 - 1837 _12350#$aСочинения$xОперные постановки _aПушкин, Александр Сергеевич (1799 - 1837) _tСочинения _jУчебные издания для высших учебных заведений _3RU\NLR\AUTH\661558675 _xОперные постановки _92622115 |
||
| 686 | _aЩ313(2Р=Рус)-474.1я73 | ||
| 686 | _aШ5(2=Р)51-4Пушкин882 | ||
| 700 | 1 |
_aСэт _bЭ. К. _gЭрна Карловна _4070 |
|
| 702 | 1 |
_4570 _7ca _8rus _aПушкин _bА. С. _cпоэт _f1799-1837 _gАлександр Сергеевич _9110441 _3RU\NLR\auth\77386 |
|
| 801 | 0 |
_aRU _bNLR _c20120315 _gRCR |
|
| 801 | 1 |
_aRU _bNLR _c20120315 |
|
| 942 | _cBOOK | ||
| 980 | _aNB | ||
| 980 | _aNBR | ||